|
|
|
|
| LEADER |
00767nam a22002417a 4500 |
| 001 |
AAL3836 |
| 003 |
BD-DhAAL |
| 005 |
20160113164034.0 |
| 008 |
160113m19961988enka|||| |||| 001 0 eng d |
| 020 |
|
|
|a 0003222454
|
| 040 |
|
|
|a BD-DhAAL
|c BD-DhAAL
|
| 082 |
|
|
|a 302.5/42
|
| 100 |
|
|
|a Moore, Stephen
|9 17349
|
| 245 |
|
|
|a Investigating deviance /
|c Stephen Moore
|
| 260 |
|
|
|a London :
|b Collins Educational,
|c 1991.
|
| 300 |
|
|
|a 160 p. :
|b ill. ;
|c 27 cm.
|
| 490 |
|
|
|a Sociology in action.
|
| 500 |
|
|
|a Includes index.
|
| 541 |
|
|
|e 3836
|
| 650 |
|
|
|a Deviant behavior.
|9 17350
|
| 942 |
|
|
|2 ddc
|c BK
|
| 999 |
|
|
|c 36601
|d 36601
|
| 952 |
|
|
|0 0
|1 0
|2 ddc
|4 0
|6 302_500000000000000_42_MOO
|7 0
|9 57590
|a SCL
|b SCL
|c GEN
|d 2016-01-13
|l 0
|o 302.542 MOO
|p 3020003836
|r 2016-01-13
|t 1
|w 2016-01-13
|y BK
|